00918nas a2200289 4500001001300000003000900013005001700022007000300039008003400042040005400076041000900130072001300139100002100152100001900173100001700192100001800209245009500227650002200322650002400344650001700368650001400385650001900399650001800418650001800436773012100454856005300575BR2014003063BR-BrBNA20231205124026.0ta230509b bl.|||p| |||| 00| 00por d aBR-BrBNAbporcBiblioteca Nacional de Agricultura a(Pt) aF61; F041 aFreiberger, M.B.1 aGuerrini, I.A.1 aCastoldi, G.1 aPivetta, L.G.1 aAdubação fosfatada no crescimento inicial e na nutrição de mudas de pinhão-manso aPINHÃO DE PURGA aFERTILIDADE DO SOLO aADUBAÇÃO aFÓSFORO aMATÉRIA SECA aMICROELEMENTO aMACROELEMENTO0 tRevista Brasileira de Ciência do Solo (Brazil)xISSN 0100-0683 g(Jan-Feb 2014), v. 38(1) p. 232-239wBR201400306340uhttp://www.scielo.br/pdf/rbcs/v38n1/a23v38n1.pdf